000 00553nam a2200157 a 4500
008 150824s1982 ||||||||||||||||| || u
020 _a0409086312
050 _aQP 34.5 Oos
100 _aOosthuizen, S
245 1 0 _aPhysiology workbook
_cby S. Oosthuizen
260 _aDurban
_bButterworth
_c1982
300 _a166p. :ill.
350 _a25.02
650 _aPHYSIOLOGY
995 _aMEDICAL LIBRARY OPEN ACCESS
_e903071
_FCBU-SCHOOL OF MEDICINE LIBRARY (Ndola)
_I25.02
_jQP 34.5 Oos
_M1
_UAVAILABLE
_WSep 7, 2015
_y903071
_ZMedical Library Open Access Collection
999 _c32395
_d32395